[Event "BL 2223 (Women)"]
[Site "Germany"]
[Date "2023.04.29"]
[Round "9.5"]
[White "Rogozenco, Teodora Nana"]
[Black "Rosmait, Emily"]
[Result "1-0"]
[WhiteElo "1950"]
[BlackElo "1901"]
[PlyCount "113"]
[EventDate "2022.10.15"]
[EventType "team-tourn"]
[EventRounds "11"]
[EventCountry "GER"]
[SourceTitle "EXT 2024"]
[Source "ChessBase"]
[SourceDate "2023.10.10"]
[SourceVersion "1"]
[SourceVersionDate "2023.10.10"]
[SourceQuality "1"]
[WhiteTeam "Hamburger SK (W)"]
[BlackTeam "Harksheide (W)"]
[WhiteTeamCountry "GER"]
[BlackTeamCountry "GER"]

1. d4 Nf6 2. c4 e6 3. Nc3 Bb4 4. Qc2 d5 5. cxd5 exd5 6. Bg5 0-0 7. e3 h6 8. Bh4 c5 9. Nf3 Nc6 10. Be2 cxd4 11. Nxd4 Nxd4 12. exd4 Qb6 13. 0-0 Bxc3 14. bxc3 Ne4 15. Bd3 Nd6 16. Rae1 Bd7 17. Re3 Rfe8 18. Bh7+ Kh8 19. Rf3 Rac8 20. Bg3 Ne4 21. Bxe4 Rxe4 22. Rxf7 Bb5 23. f3 Re3 24. Qf5 Qe6 25. Qxe6 Rxe6 26. Rb1 Bc6 27. Be5 Rg6 28. Kf2 Kg8 29. Rf5 Rf8 30. Rh5 Re6 31. Rh3 a6 32. Rg3 Rf7 33. h4 Bb5 34. a3 Rc6 35. Rc1 Rd7 36. Ke3 Rc4 37. Kd2 Kf8 38. Rg4 Rc6 39. Rf4+ Rf7 40. Rg4 Rd7 41. Rh1 Bc4 42. Rb1 b5 43. a4 a5 44. h5 Rb7 45. f4 b4 46. cxb4 axb4 47. Rg6 Rxg6 48. hxg6 b3 49. Kc3 Ke8 50. f5 Kf8 51. Bd6+ Ke8 52. Re1+ Kd8 53. Bb4 Ra7 54. Bf8 Rc7 55. f6 Be2+ 56. Kb2 Bd3 57. fxg7 1-0

[Event "BL 2122 (Women)"]
[Site "Germany"]
[Date "2022.05.25"]
[Round "9.6"]
[White "Genova, Liubka"]
[Black "Rosmait, Emily"]
[Result "1-0"]
[WhiteElo "2225"]
[BlackElo "1896"]
[PlyCount "57"]
[EventDate "2021.11.27"]
[EventType "team-tourn"]
[EventRounds "11"]
[EventCountry "GER"]
[SourceTitle "EXT 2023"]
[Source "ChessBase"]
[SourceDate "2022.10.05"]
[SourceVersion "1"]
[SourceVersionDate "2022.10.05"]
[SourceQuality "1"]
[WhiteTeam "Hamburger SK (W)"]
[BlackTeam "Harksheide (W)"]
[WhiteTeamCountry "GER"]
[BlackTeamCountry "GER"]

1. e4 e5 2. Nf3 Nc6 3. Nc3 Bc5 4. Nxe5 Nxe5 5. d4 Bd6 6. dxe5 Bxe5 7. Qd3 d6 8. g3 Nf6 9. Bg2 0-0 10. 0-0 Nd7 11. Be3 Nb6 12. f4 Bf6 13. Rad1 Be6 14. b3 Qe7 15. Nb5 Rfd8 16. c4 a6 17. Nc3 Bxc3 18. Qxc3 c5 19. f5 Bd7 20. f6 Qe6 21. fxg7 Bc6 22. Rf6 Qe7 23. Bf4 Nc8 24. Bg5 Qe8 25. Rdf1 Rd7 26. Qf3 b5 27. Rh6 Qe5 28. Bf6 Qe8 29. Rxh7 1-0

[Event "BL 1920 (Women)"]
[Site "Germany"]
[Date "2020.02.15"]
[Round "7.6"]
[White "Kubikova, Hana"]
[Black "Rosmait, Emily"]
[Result "1/2-1/2"]
[WhiteElo "2046"]
[BlackElo "1893"]
[PlyCount "67"]
[EventDate "2019.09.14"]
[EventType "team-tourn"]
[EventRounds "11"]
[EventCountry "GER"]
[SourceTitle "CBM 195 Extra"]
[Source "ChessBase"]
[SourceDate "2020.05.31"]
[SourceVersion "1"]
[SourceVersionDate "2020.05.31"]
[SourceQuality "1"]
[WhiteTeam "Rodewisch (W)"]
[BlackTeam "Harksheide (W)"]
[WhiteTeamCountry "GER"]
[BlackTeamCountry "GER"]

1. d4 Nf6 2. Nf3 e6 3. c4 d5 4. g3 Bb4+ 5. Nbd2 0-0 6. Bg2 b6 7. 0-0 Bb7 8. a3 Be7 9. Qc2 a5 10. Ne5 c5 11. dxc5 bxc5 12. b3 Nbd7 13. Bb2 Rc8 14. Nxd7 Nxd7 15. Rad1 Qc7 16. cxd5 exd5 17. e4 d4 18. f4 Nf6 19. Nc4 Rfd8 20. Bc1 Ra8 21. Rfe1 Bc6 22. a4 Qb7 23. Ne5 Be8 24. Bd2 Bf8 25. Rb1 Ra7 26. Nc4 Qc7 27. Qd3 Bc6 28. Ne5 Ba8 29. Rbc1 Rb8 30. Nc4 Re8 31. Na3 Qb6 32. Nc4 Qc7 33. Na3 Qb6 34. Nc4 1/2-1/2

[Event "Berlin Lichtenrade op 15th"]
[Site "Berlin"]
[Date "2019.10.17"]
[Round "6"]
[White "Rosmait, Emily"]
[Black "Polatel, Ali"]
[Result "0-1"]
[WhiteElo "1908"]
[BlackElo "2235"]
[PlyCount "144"]
[EventDate "2019.10.12"]
[EventType "swiss"]
[EventRounds "9"]
[EventCountry "GER"]
[SourceTitle "CBM 195 Extra"]
[Source "ChessBase"]
[SourceDate "2020.05.31"]
[SourceVersion "1"]
[SourceVersionDate "2020.05.31"]
[SourceQuality "1"]

1. e4 c6 2. d4 d5 3. Nc3 dxe4 4. Nxe4 Nd7 5. Bd3 Ngf6 6. Ng5 e6 7. N1f3 Bd6 8. Qe2 h6 9. Ne4 Nxe4 10. Qxe4 Nf6 11. Qh4 Ke7 12. Nd2 g5 13. Qh3 e5 14. Bf5 e4 15. Bxc8 Qxc8 16. Qb3 b5 17. a4 Qe6 18. Qxe6+ Kxe6 19. axb5 cxb5 20. 0-0 a5 21. Re1 Kf5 22. f3 exf3 23. Nxf3 Rhe8 24. Rxe8 Nxe8 25. Bd2 a4 26. Ne5 Bxe5 27. dxe5 Kxe5 28. Bc3+ Kf5 29. Rd1 Rb8 30. Rd5+ Kg6 31. Bb4 Ng7 32. Kf2 Ne6 33. Kf3 h5 34. g4 hxg4+ 35. Kxg4 Rc8 36. c3 f5+ 37. Kg3 Rb8 38. Rd6 Kf6 39. c4 f4+ 40. Kg2 bxc4 41. Bc3+ Kf5 42. Rc6 a3 43. bxa3 Rb3 44. Rxc4 Rxa3 45. Bb2 Rd3 46. Rc2 Kg4 47. Be5 Nf8 48. Rc3 Rd2+ 49. Kg1 Ng6 50. h3+ Kh5 51. Bc7 Ne7 52. Rf3 Nd5 53. Bb8 Kg6 54. Ba7 Kf5 55. Bf2 Ra2 56. Rb3 Ke4 57. Rb1 Kf3 58. Bc5 Rg2+ 59. Kh1 Rc2 60. Ba7 Ra2 61. Bc5 Re2 62. Rg1 Re5 63. Kh2 Nf6 64. Rf1+ Ke2 65. Rf2+ Ke1 66. Bd4 Re4 67. Bb6 Nd7 68. Rc2 Ne5 69. Ba5+ Kd1 70. Rd2+ Kc1 71. Rg2 Rd4 72. Bc3 Nf3+ 0-1

[Event "BL 1617 (Women)"]
[Site "Germany"]
[Date "2017.01.22"]
[Round "4.4"]
[White "Rosmait, Emily"]
[Black "Gromova, Iulia"]
[Result "0-1"]
[WhiteElo "1940"]
[BlackElo "2229"]
[PlyCount "120"]
[EventDate "2016.10.22"]
[EventType "team-tourn"]
[EventRounds "11"]
[EventCountry "GER"]
[SourceTitle "EXT 2018"]
[Source "ChessBase"]
[SourceDate "2017.10.13"]
[SourceVersion "1"]
[SourceVersionDate "2017.10.13"]
[SourceQuality "1"]
[WhiteTeam "Harksheide (W)"]
[BlackTeam "Bad Koenigshofen (W)"]
[WhiteTeamCountry "GER"]
[BlackTeamCountry "GER"]

1. e4 c6 2. d4 d5 3. Nc3 dxe4 4. Nxe4 Bf5 5. Ng3 Bg6 6. Nf3 e6 7. h4 h6 8. h5 Bh7 9. Bd3 Bxd3 10. Qxd3 Nf6 11. Bd2 Nd5 12. 0-0-0 Nb4 13. Bxb4 Bxb4 14. Ne5 0-0 15. f4 Nd7 16. Ne4 Nf6 17. a3 Be7 18. g4 Nxe4 19. Qxe4 Qd5 20. Qe3 Rad8 21. g5 hxg5 22. fxg5 c5 23. g6 cxd4 24. Qe2 Bg5+ 25. Kb1 f6 26. Nf7 Rxf7 27. gxf7+ Kxf7 28. Qd3 Kf8 29. Rhf1 e5 30. Qg6 Qf7 31. Qh7 Bh6 32. Qf5 Kg8 33. Rg1 Bg5 34. Rh1 Kf8 35. Rdg1 a6 36. Rh3 Rd7 37. Rf3 Ke8 38. Qh7 Bh6 39. Qf5 Kd8 40. Rd1 Kc7 41. c3 Be3 42. Qd3 Qe6 43. cxd4 Bxd4 44. Rc1+ Kb8 45. Qe4 Qf7 46. Rf5 Qb3 47. Qc2 Qd5 48. h6 gxh6 49. Rxf6 Be3 50. Qc8+ Ka7 51. Rc2 Qd1+ 52. Ka2 Qd5+ 53. Ka1 e4 54. Rf8 Bg5 55. Qb8+ Kb6 56. Rfc8 e3 57. R8c4 e2 58. Qe8 Qd1+ 59. Ka2 e1Q 60. Rc6+ bxc6 0-1

[Event "BL 1617 (Women)"]
[Site "Germany"]
[Date "2017.01.21"]
[Round "3.4"]
[White "Lubbe, Melanie"]
[Black "Rosmait, Emily"]
[Result "1/2-1/2"]
[WhiteElo "2278"]
[BlackElo "1940"]
[PlyCount "110"]
[EventDate "2016.10.22"]
[EventType "team-tourn"]
[EventRounds "11"]
[EventCountry "GER"]
[SourceTitle "EXT 2018"]
[Source "ChessBase"]
[SourceDate "2017.10.13"]
[SourceVersion "1"]
[SourceVersionDate "2017.10.13"]
[SourceQuality "1"]
[WhiteTeam "Rodewisch (W)"]
[BlackTeam "Harksheide (W)"]
[WhiteTeamCountry "GER"]
[BlackTeamCountry "GER"]

1. e4 e5 2. Nf3 Nc6 3. Bc4 Bc5 4. c3 Nf6 5. d3 d6 6. Bb3 0-0 7. Bg5 h6 8. Bh4 Be6 9. Nbd2 Qe7 10. Nf1 Rad8 11. Ne3 Bxe3 12. fxe3 d5 13. exd5 Bxd5 14. Bxd5 Rxd5 15. e4 Rd6 16. Qe2 Qe6 17. 0-0 Nh5 18. Qe3 f5 19. exf5 Qxf5 20. d4 Nf4 21. Nxe5 Nxe5 22. Qxe5 Qxe5 23. dxe5 Rd2 24. Rf2 Ne2+ 25. Kf1 Rxb2 26. e6 Rxf2+ 27. Bxf2 Nf4 28. e7 Kf7 29. Bc5 b6 30. Re1 Ke8 31. Bd4 Rb5 32. Bxg7 Rf5 33. Kg1 Nh3+ 34. gxh3 Rg5+ 35. Kf2 Rxg7 36. Re6 h5 37. Rh6 Rg5 38. Rh7 a5 39. Ke3 a4 40. Kd4 b5 41. a3 c6 42. c4 Rf5 43. cxb5 cxb5 44. h4 Kd7 45. Kc3 Rf3+ 46. Kb4 Rb3+ 47. Kc5 Rxa3 48. Kxb5 Ra2 49. h3 Ra3 50. Rxh5 Kxe7 51. Re5+ Kf6 52. Re4 Rxh3 53. Rxa4 Kg6 54. Kc5 Kh5 55. Kd5 Rxh4 1/2-1/2

[Event "BL 1617 (Women)"]
[Site "Germany"]
[Date "2016.10.23"]
[Round "2.5"]
[White "Rosmait, Emily"]
[Black "Jelica, Mara"]
[Result "0-1"]
[WhiteElo "1940"]
[BlackElo "2099"]
[PlyCount "70"]
[EventDate "2016.10.22"]
[EventType "team-tourn"]
[EventRounds "11"]
[EventCountry "GER"]
[SourceTitle "EXT 2018"]
[Source "ChessBase"]
[SourceDate "2017.10.13"]
[SourceVersion "1"]
[SourceVersionDate "2017.10.13"]
[SourceQuality "1"]
[WhiteTeam "Harksheide (W)"]
[BlackTeam "Deizisau (W)"]
[WhiteTeamCountry "GER"]
[BlackTeamCountry "GER"]

1. e4 c5 2. Nf3 a6 3. d4 cxd4 4. Nxd4 Nf6 5. Bd3 e5 6. Nf3 d5 7. Nbd2 Nc6 8. 0-0 d4 9. h3 Bd6 10. Nh2 0-0 11. Nc4 Bc7 12. f4 exf4 13. Bxf4 b5 14. Bxc7 Qxc7 15. Nd2 Re8 16. Qe2 Bb7 17. Rae1 Rad8 18. Ng4 Nxg4 19. Qxg4 Ne5 20. Qg3 Qa5 21. Nb3 Qb6 22. Rf5 f6 23. Ref1 Kh8 24. Qf2 Kg8 25. Nd2 Qd6 26. Qe2 Rc8 27. h4 Rc5 28. h5 h6 29. Nb3 Rc7 30. R1f2 Nc4 31. Qg4 Ne5 32. Qg3 Kh8 33. Kh1 Rd7 34. Kg1 Rdd8 35. Kh1 Nxd3 0-1

[Event "GER-ch U18 Girls"]
[Site "Willingen"]
[Date "2016.05.21"]
[Round "9"]
[White "Rosmait, Emily"]
[Black "Bork, Sophie"]
[Result "0-1"]
[WhiteElo "1915"]
[BlackElo "1735"]
[PlyCount "80"]
[EventDate "2016.05.15"]
[EventType "swiss"]
[EventRounds "9"]
[EventCountry "GER"]
[SourceTitle "CBM 172 Extra"]
[Source "ChessBase"]
[SourceDate "2016.06.21"]
[SourceVersion "1"]
[SourceVersionDate "2016.06.21"]
[SourceQuality "1"]

1. e4 e5 2. Nf3 Nc6 3. Bb5 a6 4. Ba4 Nge7 5. Nc3 d6 6. h3 Bd7 7. a3 g6 8. d4 exd4 9. Nxd4 Bg7 10. Be3 0-0 11. Bb3 b5 12. Nd5 Rb8 13. c3 Nxd5 14. Bxd5 Ne5 15. 0-0 c6 16. Bb3 c5 17. Ne2 Be6 18. Bd5 Qe7 19. b3 Nd7 20. Bf4 Rb6 21. Rb1 Bxd5 22. exd5 Ne5 23. Re1 Rbb8 24. Ng3 Qc7 25. Ne4 Rbe8 26. Re3 h6 27. Qc2 f5 28. Nd2 g5 29. Bh2 f4 30. Ree1 Qf7 31. c4 Qh5 32. Qd1 g4 33. hxg4 Nxg4 34. Nf3 Bd4 35. Rxe8 Rxe8 36. Qc2 Bxf2+ 37. Kh1 Bg3 38. Kg1 Bxh2+ 39. Kh1 Bg3+ 40. Kg1 Bf2+ 0-1

[Event "GER-ch U18 Girls"]
[Site "Willingen"]
[Date "2016.05.19"]
[Round "7"]
[White "Weis, Olga"]
[Black "Rosmait, Emily"]
[Result "1-0"]
[WhiteElo "1902"]
[BlackElo "1915"]
[PlyCount "45"]
[EventDate "2016.05.15"]
[EventType "swiss"]
[EventRounds "9"]
[EventCountry "GER"]
[SourceTitle "CBM 172 Extra"]
[Source "ChessBase"]
[SourceDate "2016.06.21"]
[SourceVersion "1"]
[SourceVersionDate "2016.06.21"]
[SourceQuality "1"]

1. c4 Nf6 2. Nf3 e6 3. d4 b6 4. g3 Bb7 5. Bg2 Be7 6. 0-0 0-0 7. Nbd2 Ne4 8. Qc2 f5 9. Ne5 Nd6 10. e4 Ne8 11. b3 d6 12. Nd3 Nd7 13. Nf4 Kf7 14. Nxe6 Qc8 15. Nxf8 Kxf8 16. exf5 Bxg2 17. Kxg2 Nef6 18. Nf3 Qb7 19. d5 Qc8 20. Bb2 Qe8 21. Nd4 Kg8 22. Qe2 Nc5 23. Rfe1 1-0

[Event "GER-chT U20 Girls"]
[Site "Osnabrueck"]
[Date "2015.12.30"]
[Round "7.3"]
[White "Rosmait, Emily"]
[Black "Kobald, Jacqueline"]
[Result "1/2-1/2"]
[WhiteElo "1858"]
[BlackElo "1434"]
[PlyCount "60"]
[EventDate "2015.12.27"]
[EventType "team-swiss"]
[EventRounds "7"]
[EventCountry "GER"]
[SourceTitle "EXT 2017"]
[Source "ChessBase"]
[SourceDate "2016.10.25"]
[SourceVersion "1"]
[SourceVersionDate "2016.10.25"]
[SourceQuality "1"]
[WhiteTeam "Harksheide"]
[BlackTeam "Stuttgart Wolfbusch"]
[WhiteTeamCountry "GER"]
[BlackTeamCountry "GER"]

1. e4 e5 2. Nf3 Nc6 3. Bb5 a6 4. Ba4 d6 5. d4 b5 6. Bb3 Nxd4 7. Nxd4 exd4 8. Bd5 Rb8 9. Qxd4 Bd7 10. c3 Nf6 11. Bb3 Be7 12. 0-0 0-0 13. Nd2 c5 14. Qe3 Bc6 15. c4 Re8 16. f3 Bf8 17. Qf2 g6 18. Rd1 Qc7 19. Nf1 Rbd8 20. Bg5 Be7 21. Ne3 Nxe4 22. fxe4 Bxg5 23. Ng4 Bxe4 24. h4 Be7 25. Nh6+ Kh8 26. Nxf7+ Kg7 27. Nxd8 Rxd8 28. Qf4 Bf5 29. h5 Bf6 30. Rd2 Rd7 1/2-1/2

[Event "GER-chT U20 Girls"]
[Site "Osnabrueck"]
[Date "2015.12.27"]
[Round "2.3"]
[White "Rosmait, Emily"]
[Black "Wang, Yanru"]
[Result "1-0"]
[WhiteElo "1858"]
[BlackElo "1490"]
[PlyCount "65"]
[EventDate "2015.12.27"]
[EventType "team-swiss"]
[EventRounds "7"]
[EventCountry "GER"]
[SourceTitle "EXT 2017"]
[Source "ChessBase"]
[SourceDate "2016.10.25"]
[SourceVersion "1"]
[SourceVersionDate "2016.10.25"]
[SourceQuality "1"]
[WhiteTeam "Harksheide"]
[BlackTeam "Karlsruhe"]
[WhiteTeamCountry "GER"]
[BlackTeamCountry "GER"]

1. e4 c6 2. d4 d5 3. Nc3 dxe4 4. Nxe4 Bf5 5. Ng3 Bg6 6. Nf3 Nd7 7. h4 h6 8. h5 Bh7 9. Bd3 Bxd3 10. Qxd3 e6 11. Bd2 Ngf6 12. 0-0-0 Bd6 13. Qe2 Qc7 14. Nf1 0-0-0 15. Ne3 Ne4 16. Be1 Ndf6 17. Nc4 b6 18. Nxd6+ Nxd6 19. Ne5 Nf5 20. Bc3 Rd5 21. g4 Nd6 22. f3 Rd8 23. Be1 Nb5 24. c3 Kb7 25. Bf2 c5 26. dxc5 Rxe5 27. Qxb5 Rc8 28. Rd2 Ka8 29. Rhd1 bxc5 30. Bg3 Rb8 31. Bxe5 Qxe5 32. Qc6+ Rb7 33. Rd8+ 1-0

[Event "Lueneburg op-A"]
[Site "Lueneburg"]
[Date "2015.08.16"]
[Round "2"]
[White "Gomolla, Peter"]
[Black "Rosmait, Emily"]
[Result "1-0"]
[WhiteElo "2201"]
[BlackElo "1955"]
[PlyCount "109"]
[EventDate "2015.08.15"]
[EventType "swiss"]
[EventRounds "9"]
[EventCountry "GER"]
[SourceTitle "EXT 2016"]
[Source "ChessBase"]
[SourceDate "2015.10.08"]
[SourceVersion "1"]
[SourceVersionDate "2015.10.08"]
[SourceQuality "1"]

1. e4 e5 2. Nf3 Nc6 3. Bc4 Nf6 4. d3 h6 5. c3 Be7 6. 0-0 0-0 7. Re1 d6 8. Nbd2 Na5 9. Bb5 a6 10. Ba4 b5 11. Bc2 c5 12. Nf1 Re8 13. Ng3 Bf8 14. h3 Bb7 15. b3 Nc6 16. c4 b4 17. Nh2 g6 18. h4 Nd4 19. Be3 Ne6 20. Qd2 Kh7 21. Rf1 Bg7 22. Rab1 Rf8 23. Bd1 Bc8 24. h5 Ng8 25. Bg4 Ne7 26. hxg6+ fxg6 27. Ne2 Nc6 28. Bxe6 Bxe6 29. f4 Qe7 30. Rf2 Rf7 31. Rbf1 Raf8 32. Nf3 Bg4 33. g3 Bh3 34. Re1 exf4 35. gxf4 Bg4 36. Ref1 a5 37. Kg2 Kg8 38. Rh1 Bxf3+ 39. Rxf3 g5 40. Rg3 Nd4 41. Bxd4 cxd4 42. f5 Re8 43. Ng1 Qb7 44. Nf3 Kf8 45. Qf2 Qa7 46. Nh2 Qb7 47. Ng4 Rxe4 48. dxe4 Qxe4+ 49. Qf3 Qc2+ 50. Kh3 Rxf5 51. Qa8+ Kf7 52. Re1 Be5 53. Qd5+ Kg7 54. Nxe5 Rf4 55. Ng4 1-0

[Event "GER-ch U18 Girls"]
[Site "Willingen"]
[Date "2015.05.26"]
[Round "4"]
[White "Schwarz, Larissa"]
[Black "Rosmait, Emily"]
[Result "1-0"]
[WhiteElo "1983"]
[BlackElo "1867"]
[PlyCount "85"]
[EventDate "2015.05.24"]
[EventType "swiss"]
[EventRounds "9"]
[EventCountry "GER"]
[SourceTitle "CBM 166 Extra"]
[Source "ChessBase"]
[SourceDate "2015.06.18"]
[SourceVersion "1"]
[SourceVersionDate "2015.06.18"]
[SourceQuality "1"]

1. e4 e5 2. Nf3 Nc6 3. Bb5 Nf6 4. d3 d6 5. c3 Be7 6. 0-0 0-0 7. Re1 a6 8. Ba4 b5 9. Bc2 Na5 10. Nbd2 c5 11. h3 Re8 12. d4 Qc7 13. Nf1 Bf8 14. Ng3 h6 15. a4 Bd7 16. d5 g6 17. Nh2 Bg7 18. f4 b4 19. Qf3 exf4 20. Bxf4 Nc4 21. Rab1 Ne5 22. Qf1 bxc3 23. bxc3 h5 24. Nf3 Nxf3+ 25. Qxf3 h4 26. Nf1 Rab8 27. Bg5 Rxb1 28. Rxb1 Nh5 29. Bxh4 Be5 30. Nh2 Rb8 31. Rf1 Bc8 32. Bd1 Rb2 33. Qe3 a5 34. Bxh5 gxh5 35. Nf3 Ba6 36. Rc1 c4 37. Nxe5 dxe5 38. Qg5+ Kh7 39. Qxh5+ Kg8 40. Qg5+ Kh7 41. Rf1 Bc8 42. Qh5+ Kg8 43. Bf6 1-0

[Event "Erfurt HT op 24th"]
[Site "Erfurt"]
[Date "2014.12.27"]
[Round "3"]
[White "Maiwald, Harald"]
[Black "Rosmait, Emily"]
[Result "1/2-1/2"]
[WhiteElo "2062"]
[BlackElo "1833"]
[PlyCount "102"]
[EventDate "2014.12.26"]
[EventType "swiss"]
[EventRounds "8"]
[EventCountry "GER"]
[SourceTitle "CBM 164 Extra"]
[Source "ChessBase"]
[SourceDate "2015.03.02"]
[SourceVersion "1"]
[SourceVersionDate "2015.03.02"]
[SourceQuality "1"]

1. Nf3 Nf6 2. g3 d5 3. Bg2 e6 4. 0-0 Be7 5. d3 0-0 6. Nbd2 c5 7. e4 Nc6 8. Re1 b5 9. e5 Nd7 10. Nf1 Rb8 11. h4 Qc7 12. Bf4 b4 13. Ng5 Ndxe5 14. Qh5 Bxg5 15. hxg5 f6 16. gxf6 gxf6 17. Ne3 Qf7 18. Qxf7+ Kxf7 19. Nxd5 exd5 20. Bxd5+ Be6 21. Bxc6 Nxc6 22. Bxb8 Rxb8 23. c3 Rd8 24. Re3 Ne5 25. cxb4 cxb4 26. Rc1 Rd7 27. b3 a5 28. Rc5 a4 29. Rb5 Nxd3 30. Rb6 axb3 31. axb3 Bxb3 32. Rf3 Bc2 33. Rfxf6+ Ke7 34. Rh6 Kd8 35. Rb8+ Kc7 36. Rhb6 b3 37. R8b7+ Kd8 38. Rb8+ Ke7 39. Rh8 Ne5 40. Rhb8 Rc7 41. f4 Nc4 42. Rxb3 Bxb3 43. Rxb3 Ke6 44. Kg2 Kd5 45. Rb8 Re7 46. Kf3 Ke6 47. Rb4 Nd6 48. Rb6 Ra7 49. Kg4 Rg7+ 50. Kh4 Kd5 51. g4 Ne4 1/2-1/2